Agricultural Prices 1993 Summary

Saved in:
Bibliographic Details
Format: Book
Language:English
Published: Washington United States Department of Agriculture 1994
Subjects:
Tags: Add Tag
No Tags, Be the first to tag this record!

MARC

LEADER 00000nam a2200000 4500
001 c010786
005 20250917085654.9
041 0 |a eng 
044 |a US 
245 1 0 |a Agricultural Prices  |b 1993 Summary 
264 1 |a Washington  |b United States Department of Agriculture  |c 1994 
300 |a 125 s. 
610 2 0 |a poľnohospodárstvo 
610 2 0 |a USA